Quiz histoire alphabet #8 - Statistiques

Statistiques générales
  • Ce quiz a été pris 119 fois
  • Le résultat moyen est 13 sur 26
Statistiques - réponses
Lettre Indice Réponse % Correct
A Ville gauloise assiégée par les forces de Jules César amenant à la défaite des Gaules menées par Vercingétorix Alésia
92%
J Ville sacrée et majeure pour les 3 religions monothéistes Jérusalem
91%
I Invention de Gutenberg Imprimerie
88%
E Célèbre épée du Roi Arthur dans les légendes arthuriennes Excalibur
86%
F Pays insulaire d'Océanie ayant Suva comme capitale Fidji
84%
G Fleuve sacré en Inde Gange
81%
H Réalisateur de cinéma britannique devenu légendaire à travers des œuvres telles que 'Psychose', 'Les Oiseaux' ou encore 'Sueurs Froides' Alfred Hitchcock
80%
Q Ensemble de théories physiques du XXème décrivant le comportement des atomes Quantique
71%
L Roi de Sparte célèbre pour son opposition à l'Empire Perse Léonidas Ier de Sparte
62%
B Homme d'Etat prussien et allemand respectivement ministre du royaume de Prusse et chancelier de la confédération d'Allemagne du Nord Otto von Bismarck
53%
V Conseiller voir ministre auprès des dirigeants musulmans Vizir
53%
Y Capitale de la Côte d'Ivoire Yamoussoukro
53%
C Titre persan porté par les empereurs d'Iran Chah
52%
O Nom de code anglais pour la bataille de Normandie suite au débarquement Overlord
43%
N Nom donné au continent américain lors de sa découverte par les colons Nouveau-Monde
42%
P Grand orateur et démagogue athénien pendant la guerre du Péloponnèse et faisant partie de la ligue de Délos Périclès
42%
S Langue des textes religieux de l'hindouisme et du bouddhisme Sanskrit
38%
K Parlement israélien Knesset
30%
R Terme japonais qui désignait des samouraïs sans maître Ronin
28%
X Cette ville fut la capitale chinoise pendant la période des Zhou occidentaux Xi'an
26%
W Mouvement de réforme se réclamant de l'islam sunnite et prônant un retour aux pratiques en vigueur dans la pratique de l'islam, proche du salafisme Wahhabisme
25%
D Alliance militaire entre les cités grecques créée à la fin des guerres médiques. Le noyau central est Athènes dirigée par Périclès Ligue de Délos
23%
Z Prophète et fondateur du zoroastrisme Zoroastre
22%
U Avion de reconnaissance américain utilisé durant la Guerre froide. C'est l'un d'entre eux qui photographiera des rampes de lancement de missiles nucléaires à Cuba entraînant la crise de Cuba et la période de la Détente U-2
18%
M Croyance du Moyen-Age consistant en un nuage ou brouillard toxique contenant des maladies Miasmes
13%
T Première station spatiale chinoise lancée le 20 septembre 2011 Tiangong 1
1%
Aucun quiz correspondant
Distribution des résultats
% des personnes avec chaque résultat
Percentile par nombre de réponses
Votre historique - résultats
Vous n’avez pas pris ce quiz